<?xml version="1.0" encoding="UTF-8"?>
<record
    xmlns:xsi="http://www.w3.org/2001/XMLSchema-instance"
    xsi:schemaLocation="http://www.loc.gov/MARC21/slim http://www.loc.gov/standards/marcxml/schema/MARC21slim.xsd"
    xmlns="http://www.loc.gov/MARC21/slim">

  <leader>00831nas a22001937a 4500</leader>
  <datafield tag="999" ind1=" " ind2=" ">
    <subfield code="c">6535</subfield>
    <subfield code="d">6535</subfield>
  </datafield>
  <controlfield tag="008">130628c1972    ec q|||| |||| 00| 0 spa d</controlfield>
  <datafield tag="022" ind1=" " ind2=" ">
    <subfield code="a">1390-1079</subfield>
  </datafield>
  <datafield tag="040" ind1=" " ind2=" ">
    <subfield code="a">CDMR</subfield>
  </datafield>
  <datafield tag="245" ind1=" " ind2=" ">
    <subfield code="a">Chasqui</subfield>
    <subfield code="b">: revista latinoamericana de comunicaci&#xF3;n</subfield>
  </datafield>
  <datafield tag="260" ind1=" " ind2=" ">
    <subfield code="a">Quito (Ecuador)</subfield>
    <subfield code="b">CIESPAL</subfield>
    <subfield code="c">1972-</subfield>
  </datafield>
  <datafield tag="300" ind1=" " ind2=" ">
    <subfield code="a">n&#xFA;m.</subfield>
  </datafield>
  <datafield tag="321" ind1=" " ind2=" ">
    <subfield code="a">Trimestral</subfield>
  </datafield>
  <datafield tag="362" ind1=" " ind2=" ">
    <subfield code="a">1a &#xE8;poca, n&#xFA;m. 1 (1972) - n&#xFA;m. 21 (1978); 2a &#xE8;poca, n&#xFA;m. 1 (1981) - </subfield>
  </datafield>
  <datafield tag="650" ind1="0" ind2="4">
    <subfield code="9">4592</subfield>
    <subfield code="a">Comunicaci&#xF3; i cultura</subfield>
    <subfield code="z">Am&#xE8;rica Llatina</subfield>
    <subfield code="v">Revistes</subfield>
  </datafield>
  <datafield tag="710" ind1="2" ind2=" ">
    <subfield code="9">307</subfield>
    <subfield code="a">Centro Internacional de Estudios Superiores de Comunicaci&#xF3;n para Am&#xE9;rica Latina</subfield>
  </datafield>
  <datafield tag="856" ind1="4" ind2="0">
    <subfield code="u">http://dialnet.unirioja.es/servlet/revista?codigo=6192</subfield>
    <subfield code="y">Disponibles en l&#xED;nia (Dialnet)</subfield>
  </datafield>
  <datafield tag="856" ind1="4" ind2="0">
    <subfield code="u">http://revistachasqui.org/index.php/chasqui/issue/archive</subfield>
    <subfield code="y">Disponible en l&#xED;nia (web)</subfield>
  </datafield>
  <datafield tag="942" ind1=" " ind2=" ">
    <subfield code="2">udc</subfield>
    <subfield code="c">SER</subfield>
  </datafield>
  <datafield tag="952" ind1=" " ind2=" ">
    <subfield code="0">0</subfield>
    <subfield code="1">0</subfield>
    <subfield code="4">0</subfield>
    <subfield code="7">0</subfield>
    <subfield code="a">CDMR</subfield>
    <subfield code="b">CDMR</subfield>
    <subfield code="d">2013-01-16</subfield>
    <subfield code="h">N&#xFA;m. 45 (1993) - n&#xFA;m. 71 (2000) / n&#xFA;m. 73 (2001) - n&#xFA;m. 80 (2002) / n&#xFA;m. 85 (2004) - n&#xFA;m. 88 (2004) / n&#xFA;m. 90 (2005) - n&#xFA;m. 97 (2007) / n&#xFA;m. 99 (2007) - n&#xFA;m. 105 (2009)</subfield>
    <subfield code="l">0</subfield>
    <subfield code="r">2013-06-28</subfield>
    <subfield code="w">2013-06-28</subfield>
    <subfield code="y">SER</subfield>
  </datafield>
</record>
